MARC

LEADER 00000nam0a2200000 4500
001 12119
005 20231101204818.0
010 |a 5864571164 
035 |a (RuTPU)RU\TPU\book\12195 
035 |a BOOK00012261 
090 |a 12119 
100 |a 20011209d1999 km y0rusy50 ca 
101 0 |a rus 
102 |a RU 
105 |a y g 000zy 
200 1 |a Краткий справочник физико-химических величин  |f Под ред. А. А. Равделя и А. М. Пономаревой 
210 |a СПб.  |c Специальная литература  |d 1999 
215 |a 231 с. 
606 1 |a Физико-химические величины  |2 stltpush  |3 (RuTPU)RU\TPU\subj\63736  |9 80710 
610 1 |a физические величины 
610 1 |a химические величины 
610 1 |a справочники 
675 |a 544(035)  |v 3 
702 1 |a Равдель  |b А. А.  |4 340 
702 1 |a Пономарева  |b А. М.  |4 340 
801 0 |a RU  |b 63413507  |c 20011209  |g PSBO 
801 2 |a RU  |b 63413507  |c 20201204  |g PSBO 
942 |c BK